Verfeil - Choix multiples - Statistiques

Statistiques générales
  • Ce quiz a été pris 9 fois
  • Le résultat moyen est 8 sur 10
Statistiques - réponses
Question Réponse % Correct
Quelle autoroute, passant par Verfeil et qui est en construction (ou pas) depuis assez longtemps, est au centre des débats locaux et politiques ? A69
89%
De quel type de lieux s’agit-il : Balerme et Laragou ? des lacs
89%
Dans quel département se trouve Verfeil ? Haute-Garonne
89%
Dans quelle région naturelle, connue pour le vent d'Autan, se situe Verfeil ? Le Lauragais
89%
Deux anciennes portes de Verfeil portent le nom de deux villes situées à proximité. Lesquelles ? Toulouse et Lavaur
89%
Quelle fleur, connue comme “l’or bleu”, était au cœur du triangle historique auquel appartenait Verfeil ? Le pastel
78%
Quel autre département de France possède une commune du même nom ? Le Tarn-et-Garonne
78%
De quel roman les personnages principaux ont-ils réellement existé et vécu à Verfeil ? Les Petites Filles modèles, de la Comtesse de Ségur
67%
Pourquoi les SS menacent-ils de brûler Verfeil en août 1944 ? Ils soupçonnent une cache d’armes.
56%
Quelle photo n'a pas été prise à Verfeil ?
44%
Aucun quiz correspondant
Distribution des résultats
% des personnes avec chaque résultat
Percentile par nombre de réponses
Votre historique - résultats
Vous n’avez pas pris ce quiz